00830cam a22002533a 45000010008000000030009000080050017000170070008000340080032000420100006000740200018000800400025000980820026001231000029001492450056001782500031002342600095002653000028003604900023003885000044004115000055004556500031005107000035005410000751DO-SdBNP20241021105930.00000751861112 2010 ag a 000 0 spa d a  a9789870403449 aBPMSUcspadBPMSUd  4a833.91bE56m 20102221 aEnde, Michaeld1929-199510aMomo /cMichael Ende ; ilustraciones Alfonso Ruano  a3a. ed., 3a. reimpr. 2010  aBuenos Aires, Argentina :bEdiciones Alfaguara ;bSantillana ediciones generales,c2010f  a255 p. :bil. ;c20 cm.0 aAlfaguara juvenil  aIncluye datos biográficos del autor.  aLiteratura para niños a partir de los 12 años. 4aCuentos juveniles alemanes1 aRuano, Alfonsoeilustraciones